00373nam a2200133Ia 4500003000400000008004100004020002700045040000800072100002000080245007800100260003400178300001500212365001200227LDD181029s9999 xx 000 0 und d a9789814267892cP 63.99 cLDD aCazaux, Jacques 0aUnderstanding Solid State Physicsbproblems and solutionscJacques Cazaux aSingaporebPan Stanfordc2016 axvii, 646p bP 63.99